[Event "ISR-ch Open 2018"]
[Site "Ma'alot-Tarshih"]
[Date "2018.12.14"]
[Round "3"]
[White "Gleizer, Mark"]
[Black "Aharon, Ofir"]
[Result "1/2-1/2"]
[WhiteElo "2186"]
[BlackElo "2320"]
[Annotator "ChessBase"]
[PlyCount "130"]
[EventDate "2018.12.11"]
[EventType "swiss"]
[EventCountry "ISR"]
[SourceTitle "playchess.com"]
[Source "ChessBase"]
[SourceQuality "1"]
[TimeControl "40/5400+30:1800+30"]

1. d4 {[%emt 0:00:00]} Nf6 {[%emt 0:00:00]} 2. c3 {[%emt 0:00:00]} g6 {[%emt 0:00:00]} 3. Bg5 {[%emt 0:00:00]} Bg7 {[%emt 0:00:02]} 4. Nd2 {[%emt 0:00:17]} O-O {[%emt 0:04:47]} 5. e4 {[%emt 0:02:19]} d6 {[%emt 0:00:20]} 6. Bd3 {[%emt 0:09:37]} c5 {[%emt 0:00:40]} 7. d5 {[%emt 0:06:24]} h6 {[%emt 0:00:53]} 8. Bh4 {[%emt 0:01:09]} e6 {[%emt 0:00:28]} 9. dxe6 {[%emt 0:02:28]} Bxe6 {[%emt 0:00:06]} 10. f4 {[%emt 0:01:45]} Qb6 {[%emt 0:02:15]} 11. b3 {[%emt 0:16:08]} c4 {[%emt 0:06:38]} 12. bxc4 {[%emt 0:07:21]} Ng4 {[%emt 0:08:01]} 13. f5 {[%emt 0:01:54]} Qe3+ {[%emt 0:21:57]} 14. Qe2 {[%emt 0:03:33]} Bxc3 {[%emt 0:00:36]} 15. Rd1 {[%emt 0:02:19]} gxf5 {[%emt 0:10:45]} 16. exf5 {[%emt 0:01:25]} Bd7 {[%emt 0:04:17]} 17. Bf2 {[%emt 0:02:43]} Qxf2+ {[%emt 0:01:35]} 18. Qxf2 {[%emt 0:00:12]} Nxf2 {[%emt 0:00:02]} 19. Kxf2 {[%emt 0:00:10]} Ba4 {[%emt 0:06:01]} 20. Nb3 {[%emt 0:00:36]} Bd4+ {[%emt 0:02:37]} 21. Kf1 {[%emt 0:01:08]} Nc6 {[%emt 0:04:58]} 22. Nf3 {[%emt 0:01:48]} Bf6 {[%emt 0:00:39]} 23. Be4 {[%emt 0:03:03]} Rad8 {[%emt 0:04:26]} 24. Kf2 {[%emt 0:00:41]} Rfe8 {[%emt 0:04:59]} 25. Rhe1 {[%emt 0:01:25]} Nb4 {[%emt 0:04:28]} 26. Bb1 {[%emt 0:02:32]} d5 {[%emt 0:01:40]} 27. Rxe8+ {[%emt 0:06:08]} Bxe8 {[%emt 0:00:02]} 28. c5 {[%emt 0:01:29]} Ba4 {[%emt 0:02:25]} 29. g4 {[%emt 0:00:44]} Na6 {[%emt 0:00:56]} 30. Rc1 {[%emt 0:03:48]} Bb2 {[%emt 0:02:43]} 31. Rg1 {[%emt 0:04:00]} Ba3 {[%emt 0:01:27]} 32. g5 {[%emt 0:03:21]} h5 {[%emt 0:01:22]} 33. Re1 {[%emt 0:05:06]} Nxc5 {[%emt 0:00:35]} 34. Nbd4 {[%emt 0:00:40]} Re8 {[%emt 0:01:34]} 35. Rxe8+ {[%emt 0:04:15]} Bxe8 {[%emt 0:00:01]} 36. f6 {[%emt 0:00:17]} Bb2 {[%emt 0:01:59]} 37. Nf5 {[%emt 0:00:30]} Ne4+ {[%emt 0:01:20]} 38. Bxe4 {[%emt 0:02:19]} dxe4 {[%emt 0:00:02]} 39. Nd2 {[%emt 0:00:05]} Bc6 {[%emt 0:01:20]} 40. Ne7+ {[%emt 0:00:36]} Kh7 {[%emt 0:00:26]} 41. Nxc6 {[%emt 0:32:14]} bxc6 {[%emt 0:08:54]} 42. Nxe4 {[%emt 0:00:00]} h4 {[%emt 0:11:56]} 43. Kf3 {[%emt 0:00:00]} Kg6 {[%emt 0:00:22]} 44. Kg4 {[%emt 0:00:00]} h3 {[%emt 0:02:01]} 45. Nf2 {[%emt 0:00:00]} Be5 {[%emt 0:02:41]} 46. Nxh3 {[%emt 0:00:00]} Bxh2 {[%emt 0:00:05]} 47. Nf2 {[%emt 0:00:00]} c5 {[%emt 0:00:09]} 48. Ne4 {[%emt 0:01:00]} c4 {[%emt 0:00:25]} 49. Kf3 {[%emt 0:00:33]} Kf5 {[%emt 0:02:36]} 50. Ke3 {[%emt 0:00:19]} Be5 {[%emt 0:02:07]} 51. a4 {[%emt 0:00:52]} c3 {[%emt 0:01:03]} 52. g6 {[%emt 0:01:24]} Kxg6 {[%emt 0:02:03]} 53. Kd3 {[%emt 0:02:22]} Bxf6 {[%emt 0:00:27]} 54. Nd6 {[%emt 0:00:56]} Be5 {[%emt 0:01:07]} 55. Nb5 {[%emt 0:01:14]} a5 {[%emt 0:00:55]} 56. Na3 {[%emt 0:00:12]} Bd6 {[%emt 0:00:35]} 57. Nc2 {[%emt 0:00:46]} Be5 {[%emt 0:00:21]} 58. Na3 {[%emt 0:00:24]} Kf5 {[%emt 0:01:07]} 59. Nc4 {[%emt 0:00:08]} Ke6 {[%emt 0:00:41]} 60. Nxa5 {[%emt 0:00:21]} Kd5 {[%emt 0:00:27]} 61. Nc4 {[%emt 0:00:16]} Bd4 {[%emt 0:00:22]} 62. Na3 {[%emt 0:00:58]} Bg7 {[%emt 0:00:39]} 63. Nb5 {[%emt 0:01:08]} f5 {[%emt 0:00:13]} 64. Nxc3+ {[%emt 0:00:19]} Bxc3 {[%emt 0:00:13]} 65. Kxc3 {[%emt 0:00:06]} Ke5 {[%emt 0:01:39]} 1/2-1/2

[Event "ISR-ch Open 2018"]
[Site "Ma'alot-Tarshih"]
[Date "2018.12.14"]
[Round "3"]
[White "Kupervaser, Erez"]
[Black "Drori, Saar"]
[Result "1/2-1/2"]
[WhiteElo "2168"]
[BlackElo "2419"]
[Annotator "RC"]
[PlyCount "57"]
[EventDate "2018.12.11"]
[EventType "swiss"]
[EventCountry "ISR"]
[SourceTitle "playchess.com"]
[Source "ChessBase"]
[SourceQuality "1"]
[TimeControl "40/5400+30:1800+30"]

1. e4 {[%emt 0:00:00]} c5 {[%emt 0:00:00]} 2. Nf3 {[%emt 0:00:00]} d6 {[%emt 0:00:00]} 3. Bb5+ {[%emt 0:00:11]} Nd7 {[%emt 0:00:00]} 4. d4 {[%emt 0:00:13]} cxd4 {[%emt 0:00:14]} 5. Qxd4 {[%emt 0:00:15]} a6 {[%emt 0:00:08]} 6. Bxd7+ {[%emt 0:00:08]} Bxd7 {[%emt 0:00:05]} 7. c4 {[%emt 0:00:14]} e5 {[%emt 0:10:02]} 8. Qd3 {[%emt 0:00:12]} h6 {[%emt 0:02:43]} 9. Nc3 {[%emt 0:00:56]} Nf6 {[%emt 0:00:12]} 10. O-O {[%emt 0:00:08]} Be7 {[%emt 0:02:41]} 11. a4 {[%emt 0:00:19]} O-O {[%emt 0:05:09]} 12. Rd1 {[%emt 0:00:28]} Be6 {[%emt 0:08:40]} 13. Be3 {[%emt 0:08:01]} Rc8 {[%emt 0:16:39]} 14. b3 {[%emt 0:00:38]} Qa5 {[%emt 0:00:44]} 15. Nd2 {[%emt 0:10:54]} Rfd8 {[%emt 0:10:58]} 16. Nf1 {[%emt 0:00:57]} Nh5 {[%emt 0:06:09]} 17. g3 {[%emt 0:07:11]} Rf8 {[%emt 0:01:12]} 18. f3 {[%emt 0:05:02]} Kh8 {[%emt 0:04:43]} 19. Nd5 {[%emt 0:00:55]} Bxd5 {[%emt 0:00:09]} 20. Qxd5 {[%emt 0:00:07]} Qc7 {[%emt 0:02:33]} 21. Qd3 {[%emt 0:03:15]} Qd7 {[%emt 0:02:11]} 22. c5 {[%emt 0:01:25]} Rc6 {[%emt 0:02:43]} 23. b4 {[%emt 0:01:22]} Rd8 {[%emt 0:02:01]} 24. b5 {[%emt 0:04:57]} axb5 {[%emt 0:00:14]} 25. axb5 {[%emt 0:00:02]} Rcc8 {[%emt 0:00:22]} 26. Ra7 {[%emt 0:01:25]} Qe6 {[%emt 0:09:05]} 27. c6 {[%emt 0:01:01]} bxc6 {[%emt 0:00:36]} 28. bxc6 {[%emt 0:00:03]} Nf6 {[%emt 0:01:14]} 29. Qb5 {[%emt 0:05:16]} 1/2-1/2

[Event "ISR-ch Open 2018"]
[Site "Ma'alot-Tarshih"]
[Date "2018.12.15"]
[Round "4"]
[White "Smirin, Ilia"]
[Black "Zanan, Evgeny"]
[Result "1/2-1/2"]
[WhiteElo "2609"]
[BlackElo "2521"]
[Annotator "TA"]
[PlyCount "89"]
[EventDate "2018.12.11"]
[EventType "swiss"]
[EventCountry "ISR"]
[SourceTitle "playchess.com"]
[Source "ChessBase"]
[SourceQuality "1"]

{[%evp 18,89,24,12,43,41,37,38,30,22,18,21,66,68,65,28,28,27,37,30,38,39,76,65,77,47,46,25,70,0,0,0,0,0,0,-41,-30,-46,0,0,0,0,0,0,4,0,0,0,0,0,0,0,0,0,0,0,41,0,145,119,270,234,406,226,212,0,0,0,0,0,0,0,0,0]} 1. e4 c5 2. Nf3 d6 3. d4 cxd4 4. Nxd4 Nf6 5. Nc3 a6 6. a4 g6 7. Be2 Bg7 8. O-O O-O 9. Be3 Nc6 10. f4 {[%cal Bf2f4,Bf4f5][%mdl 32] LiveBook: 104 Games} Ng4 {B93: Sicilian Najdorf: 6 f4} (10... Re8 11. Kh1 Bd7 12. Nb3 Qc7 13. a5 Rac8 14. Nd5 Nxd5 15. exd5 Nd8 16. c3 e6 17. Bd4 exd5 18. Bxg7 Kxg7 {0-1 (41) Short,N (2678)-Al Sayed,M (2511) Riadh 2017}) 11. Bxg4 Bxd4 12. Bxd4 Bxg4 {White is slightly better.} 13. Qd2 Nxd4 14. Qxd4 Bd7 15. f5 $146 ({Predecessor:} 15. Rad1 Rc8 16. e5 Bg4 17. Rd2 dxe5 18. fxe5 Qxd4+ 19. Rxd4 {0-1 (37) Cao,J (2332)-Preotu,R (2452) Kitchener 2015}) 15... Bc6 16. Rae1 Rc8 17. b4 b5 18. axb5 axb5 19. Re3 e5 20. Qd2 $1 {Black must now prevent f6.} Qg5 21. h4 Qh6 22. f6 Bb7 ({Don't blunder} 22... Qxh4 $2 23. Rh3 $18) 23. Qf2 (23. Rf2 $14) 23... Rc4 $11 24. Rd1 Rxb4 25. Rxd6 Rc4 26. Red3 b4 27. Nd5 {And now Ne7+ would win.} Bxd5 ({But not} 27... Rxe4 $2 28. Ne7+ Kh8 29. Rd8 $18) (27... Qc1+ {feels hotter.} 28. Qf1 Qxf1+ 29. Kxf1 h5 30. Ne3 Rxe4 31. g3 Kh7) 28. R3xd5 Qf4 29. Qxf4 exf4 {[%mdl 4096] Endgame KRR-KRR} 30. Rd4 Rxc2 31. Rxb4 h6 32. Rbd4 Kh7 33. Rd7 g5 34. h5 Rc5 35. Re7 Kg8 36. e5 Rc6 37. Kh2 Rc2 (37... Rc3 $1 $11 {remains equal.}) 38. Kh3 $1 $16 Rc3+ $2 {[#]} (38... Re2 $16 {might work better.}) 39. Kg4 $1 $18 Rg3+ 40. Kf5 {e6 would kill now.} f3 {[#]} ({Wrong is} 40... Rxg2 $2 41. e6 $18) 41. gxf3 $2 (41. e6 $1 $18 {Intending Rxf7 and mate.} f2 42. exf7+ Kh7 43. Rd1) 41... Rxf3+ $11 {The position is equal.} 42. Kg4 Rf1 43. Red7 Re1 44. R4d5 Re8 45. Kf5 {Accuracy: White = 66%, Black = 64%.} 1/2-1/2

[Event "ISR-ch Open 2018"]
[Site "Ma'alot-Tarshih"]
[Date "2018.12.15"]
[Round "4"]
[White "Steinberg, Nitzan"]
[Black "Greenfeld, Alon"]
[Result "1/2-1/2"]
[WhiteElo "2532"]
[BlackElo "2504"]
[Annotator "TA"]
[PlyCount "53"]
[EventDate "2018.12.11"]
[EventType "swiss"]
[EventCountry "ISR"]
[SourceTitle "playchess.com"]
[Source "ChessBase"]
[SourceQuality "1"]

{[%evp 16,53,34,-3,13,14,25,21,35,8,19,0,20,13,23,6,38,21,41,23,14,9,15,13,37,0,0,-31,7,12,0,-4,0,0,-5,-41,-49,-150,-135,-310]} 1. e4 c5 2. Nf3 d6 3. Bb5+ Bd7 4. c4 Nf6 5. Nc3 g6 6. d4 {B52: Sicilian: Moscow Variation with 3...Bd7} cxd4 7. Nxd4 Bg7 8. O-O O-O 9. Re1 {LiveBook: 3 Games} (9. f3 Bxb5 10. cxb5 a6 11. Be3 axb5 12. Ndxb5 {½-½ (35) Karjakin,S (2773)-Duda,J (2737) chess.com INT 2018}) 9... a6 10. Bxd7 Nbxd7 11. b3 Qa5 $146 ({Predecessor:} 11... Rc8 12. Bb2 e6 13. Nf3 Qb6 14. Qd2 Rfd8 15. Rad1 Ne5 16. Nxe5 dxe5 17. Qe2 Qc6 18. Rxd8+ Rxd8 {½-½ (39) Lobzhanidze,D (2432)-Hracek,Z (2610) Germany 2017}) 12. Bb2 e6 13. Qd2 Rac8 14. Rad1 Rfd8 15. h3 h6 {[%cal Bh7h6,Bh6h5,Bh5h4][%mdl 32]} 16. Re3 Nh5 17. g3 Nhf6 18. Kg2 h5 19. Ree1 Kh7 20. Nf3 Kg8 21. Qf4 Ne5 (21... Ne8 {seems wilder.} 22. Ng5 Bf6 23. e5 dxe5 24. Qe3 Be7) 22. Nxe5 dxe5 23. Qe3 h4 24. g4 Rd4 25. Qg5 b5 26. cxb5 ({Better is} 26. c5 $15) 26... axb5 $17 27. Nd5 $2 {[%mdl 32768] Accuracy: White = 32%, Black = 42%. . An unexpected result.} (27. Qe3 $17) 1/2-1/2

[Event "ISR-ch Open 2018"]
[Site "Ma'alot-Tarshih"]
[Date "2018.12.15"]
[Round "4"]
[White "Rechlis, Gad"]
[Black "Gruenfeld, Yehuda"]
[Result "1-0"]
[WhiteElo "2521"]
[BlackElo "2421"]
[Annotator "TA"]
[PlyCount "47"]
[EventDate "2018.12.11"]
[EventType "swiss"]
[EventCountry "ISR"]
[SourceTitle "playchess.com"]
[Source "ChessBase"]
[SourceQuality "1"]

{[%evp 19,47,24,49,-9,113,101,134,129,135,135,125,134,204,193,204,218,356,354,385,354,922,684,666,653,604,221,658,647,635,520]} 1. e4 c5 2. Nc3 d6 3. f4 Nc6 4. Nf3 g6 5. Bb5 Bg7 6. O-O Nf6 7. Bxc6+ bxc6 8. d3 O-O 9. Qe1 c4 {B23: Closed Sicilian: Lines without g3} (9... Nd7 10. Kh1 e5 11. f5 gxf5 12. Nh4 f4 13. g3 c4 14. Nf5 cxd3 15. gxf4 Nc5 16. Nxg7 Kxg7 17. b4 Nd7 18. cxd3 {½-½ (50) Rapport,R (2717)-Tan,Z (2496) Danzhou 2016}) 10. dxc4 Ba6 {LiveBook: 8 Games} 11. b3 ({White should try} 11. e5 $14 Nd7 12. e6) 11... d5 {[#]} (11... Nxe4 $1 $11 {keeps the balance.} 12. Bb2 d5) 12. e5 $1 $16 {[%cal Re5f6]} Ne8 13. Be3 dxc4 $146 ({Predecessor:} 13... Nc7 14. Rd1 Qe8 15. Rf2 dxc4 16. b4 Nd5 17. Nxd5 cxd5 18. Rxd5 {1-0 (26) Iuldachev,S (2536)-Wahono,A (2379) Dubai 2004}) 14. b4 Nc7 15. Rd1 Qc8 (15... Qe8 $16 {is a better defense.} 16. Qh4 Nd5 17. Nxd5 cxd5) 16. Qh4 f6 17. Bc5 Rf7 {[#]} (17... Qe8 {might work better.} 18. f5 fxe5) 18. Bxe7 $1 $18 {[%mdl 576] Remove Defender, Deflection} Rxe7 19. exf6 Re3 $2 (19... Bxf6 20. Qxf6 {[%mdl 64] Double Attack} Qe6) 20. f5 {Black must now prevent fxg6.} Bxf6 21. Qxf6 {[%mdl 64] Double Attack} Qxf5 22. Rd8+ $2 (22. Qh4 {aiming for Ng5.} Ne6 23. Rd7) 22... Rxd8 $2 (22... Re8 23. Rxe8+ Rxe8 24. Qxc6 Qc8) 23. Qxd8+ {[%mdl 64] Double Attack} Ne8 24. Nd1 {Accuracy: White = 59%, Black = 24%.} 1-0

[Event "ISR-ch Open 2018"]
[Site "Ma'alot-Tarshih"]
[Date "2018.12.15"]
[Round "4"]
[White "Kobo, Ori"]
[Black "Postny, Evgeny"]
[Result "0-1"]
[WhiteElo "2494"]
[BlackElo "2615"]
[Annotator "TA"]
[PlyCount "112"]
[EventDate "2018.12.11"]
[EventType "swiss"]
[EventCountry "ISR"]
[SourceTitle "playchess.com"]
[Source "ChessBase"]
[SourceQuality "1"]

{[%evp 11,112,10,25,24,26,19,27,38,38,21,45,36,50,38,20,17,22,16,16,16,17,14,7,14,14,0,12,0,0,-38,-44,-77,-73,-94,-93,-94,-43,-47,-62,-63,-62,-70,-67,-93,-59,-54,-31,-45,-40,-68,-67,-97,-67,-89,-91,-114,-112,-132,-98,-95,-85,-94,-89,-384,-384,-365,-379,-418,-411,-411,-388,-365,-366,-386,-326,-326,-326,-326,-326,-389,-370,-415,-353,-346,-298,-311,-311,-415,-415,-597,-587,-1121,-897,-29966,-29968,-12841,-771,-29977,-29979,-29978,-29980,-29980,-29981]} 1. c4 Nf6 2. Nc3 e5 3. Nf3 Nc6 4. e4 d6 5. Be2 Bg4 6. d3 Be7 {LiveBook: 4 Games} 7. O-O {A28: English Opening: Four Knights Variation} O-O 8. Rb1 $146 ({Predecessor:} 8. Be3 Bxf3 9. Bxf3 Ne8 10. Qd2 h6 11. Bg4 Bg5 12. g3 Bxe3 13. fxe3 Ne7 14. Rf3 c6 15. Raf1 {1-0 (30) Pridorozhni,A (2533)-Goryachkina,A (2438) Khanty-Mansiysk 2014}) 8... Bxf3 9. Bxf3 {White has an edge.} Nd7 10. Nd5 Nc5 11. b4 Ne6 12. g3 Bg5 13. Bxg5 Qxg5 14. Bg4 {Threatens to win with Bxe6.} Qd8 15. f4 Ned4 16. f5 {Strongly threatening f6.} f6 17. Qd2 Nb8 {[%cal Bc6b8,Bb8d7,Bd7c5][%mdl 32]} 18. a4 c6 19. Ne3 a5 20. bxa5 Nd7 21. Rxb7 Nc5 $36 {[%mdl 2112] [#] Double Attack. Black has strong initiative.} 22. Rb6 Nxa4 23. Rb7 Rxa5 (23... Qxa5 $17 24. Qxa5 Rxa5) 24. Ra1 Ra8 25. Nd1 Nc5 26. Rxa8 Qxa8 27. Rb2 d5 28. Ra2 Qb7 29. cxd5 cxd5 30. exd5 Qxd5 31. Ne3 Qb7 32. Rb2 Qa6 33. Nc4 Rd8 34. Ra2 Qb7 35. Qa5 Qb1+ 36. Kg2 {[#]} Nc6 $1 {[%cal Rc6a5]} 37. Qxc5 $4 {[%mdl 8192]} (37. Nd2 $17 Nxa5 38. Nxb1) 37... Qxa2+ $19 38. Kh3 Nd4 {White must now prevent ...h5!} 39. Qe7 Rf8 40. Nd6 Qa8 41. Qc7 {If White can now play Qc4+ this consolidates a bit.} Qd5 42. Bh5 Nb5 43. Nxb5 Qxb5 {[%mdl 4096] Endgame KQR-KQB} 44. Qd6 Qb8 45. Qe6+ Kh8 46. Bf3 Rd8 47. Be4 Qd6 48. Qf7 Qd7 49. Qc4 g6 50. g4 (50. Qa6 {might work better.} Kg7 51. g4) 50... h5 51. Qe6 hxg4+ 52. Kxg4 Qxe6 53. fxe6 Kg7 (53... f5+ $142 54. Bxf5 Kg7) 54. h4 f5+ {Black mates.} 55. Bxf5 gxf5+ 56. Kxf5 Rxd3 {Accuracy: White = 39%, Black = 70%.} 0-1

[Event "ISR-ch Open 2018"]
[Site "Ma'alot-Tarshih"]
[Date "2018.12.15"]
[Round "4"]
[White "Bakalchuk, Johnatan"]
[Black "Mikhalevski, Victor"]
[Result "0-1"]
[WhiteElo "2442"]
[BlackElo "2579"]
[Annotator "TA"]
[PlyCount "70"]
[EventDate "2018.12.11"]
[EventType "swiss"]
[EventCountry "ISR"]
[SourceTitle "playchess.com"]
[Source "ChessBase"]
[SourceQuality "1"]

{[%evp 29,70,-17,2,-19,26,0,0,0,4,-1,-12,-52,-14,-42,-49,-87,-79,-95,-69,-174,-164,-171,-169,-250,-235,-264,-251,-259,-236,-268,-245,-256,-253,-265,-275,-265,-262,-268,-251,-5257,-5185,-29992,-29993]} 1. c4 e6 2. Nf3 d5 3. b3 Nf6 4. g3 c5 5. Bg2 d4 6. O-O Nc6 7. e3 Be7 8. exd4 cxd4 9. Re1 O-O 10. Bb2 Ne8 11. Ne5 {A14: English Opening: 1...e6 with b3 by White} Nxe5 12. Rxe5 f6 13. Re1 e5 14. f4 (14. Ba3 Bxa3 15. Nxa3 Rb8 16. b4 Nc7 17. d3 b6 18. Qa4 a6 {½-½ (56) Petrosian,T (2609)-Eljanov,P (2700) Sharjah 2018}) 14... exf4 15. gxf4 Nc7 {LiveBook: 3 Games} 16. d3 $146 ({Predecessor:} 16. Qf3 Rb8 17. Qf2 Bc5 18. Ba3 Na6 {0-1 (58) Kovacevic,B (2482)-Zelcic,R (2587) Bizovac 2008}) 16... Kh8 17. Qf3 Bb4 18. Re2 $1 Bf5 19. Nd2 Qd7 20. Qg3 Bc3 21. Ne4 Bxe4 22. Bxe4 f5 $1 $36 {[%mdl 2048] Black is really pushing.} 23. Bxb7 {Black must now prevent Bxc3.} Rae8 24. Rg2 ({Better is} 24. Rc2 $1 $15) 24... Re3 $1 $19 {[%cal Re3g3]} 25. Qxe3 Bxb2 $1 ({Don't take} 25... dxe3 26. Bxc3 Rf7 27. Be5 $15) 26. Qe1 (26. Qe5 {keeps fighting.} Bxa1 27. Bc6) 26... Bxa1 27. Qxa1 Ne6 $1 {[%csl LRb7,LRf4]} 28. Bd5 Nxf4 {[%mdl 64] Double Attack} 29. Qxd4 Nxg2 30. Kxg2 {[%mdl 4096] Endgame KQR-KQB} f4 {aiming for ...f3+!} 31. Qc5 {[%cal Rc5f8]} Qg4+ 32. Kf2 {[%cal Rc5f8] [#]} Qh4+ $1 33. Kg2 {[%cal Rc5f8]} Qg5+ 34. Kf2 $2 {[#]} (34. Kf1 Qf5 35. Kf2) 34... Re8 $1 35. Qc6 Qh4+ {Accuracy: White = 24%, Black = 77%.} 0-1

[Event "ISR-ch Open 2018"]
[Site "Ma'alot-Tarshih"]
[Date "2018.12.15"]
[Round "4"]
[White "Drori, Saar"]
[Black "Globus, Or"]
[Result "1/2-1/2"]
[WhiteElo "2419"]
[BlackElo "2387"]
[Annotator "TA"]
[PlyCount "147"]
[EventDate "2018.12.11"]
[EventType "swiss"]
[EventCountry "ISR"]
[SourceTitle "playchess.com"]
[Source "ChessBase"]
[SourceQuality "1"]

{[%evp 23,147,0,0,0,2,8,12,-8,-8,-2,8,-42,-37,-48,-32,-33,-25,-29,-27,-55,-22,-22,-27,-21,-8,-8,0,-1,0,-39,-39,-39,-39,-39,-39,-39,-39,-82,-82,-82,-91,-95,-83,-81,-90,-95,-88,-103,-96,-109,-109,-104,-102,-131,-64,-87,-63,-62,-40,-40,-40,-40,-40,-40,-41,-40,-42,-43,-43,-43,-43,-81,-82,-104,-20,-20,-11,-45,-10,-109,-109,-109,-109,-109,-109,-109,-109,-109,-109,-109,-109,-109,-109,-109,-109,-109,0,-109,-109,-109,-109,-109,0,-109,-109,-109,-109,-109,-109,-109,-109,-109,-109,-109,0,-109,-109,-109,0,-109,0,-109,-8,-8,-8,-8]} 1. e4 c6 {[%cal Bc7c6,Bc6c5][%mdl 32]} 2. d4 d5 3. e5 Bf5 4. Nf3 e6 5. Be2 c5 6. Be3 Qb6 7. Nc3 Nc6 8. O-O {B12: Caro-Kann: Advance Variation} Qxb2 9. Qe1 cxd4 10. Bxd4 Nxd4 11. Nxd4 Bb4 12. Ndb5 Ba5 $1 {LiveBook: 24 Games} 13. Na4 $146 ({Predecessor:} 13. g4 Bg6 14. Rb1 Qxc2 15. Rc1 Qb2 {½-½ (43) Karjakin,S (2778)-Navara,D (2745) Shamkir 2018}) 13... Bxe1 14. Nxb2 Ba5 15. Nd6+ Kf8 {With the idea ...Bc3.} 16. Nxf5 exf5 17. Rad1 Ne7 18. Bf3 Rd8 19. c4 {[%cal Rc4d5]} Bc3 20. Nd3 dxc4 21. Nc5 {[%cal Rd1d8]} Rxd1 (21... Rd2 {is more complex.} 22. Na4 Rxd1 23. Rxd1 Ba5 24. Rd7 g6) 22. Rxd1 {[%cal Rd1d8]} g5 {And now ...b5 would win.} 23. Rc1 Bb4 24. Rxc4 Bxc5 25. Rxc5 $11 {[%mdl 4096] Endgame KRB-KRN} Kg7 26. Rc7 Rc8 27. Rxc8 Nxc8 28. Bxb7 $15 {KB-KN} Ne7 29. g3 Ng6 30. Bc8 f4 31. e6 fxg3 32. fxg3 Ne7 33. Bd7 {[#]} f5 $1 34. Kf2 Kf6 35. Ke3 Ke5 36. Kf3 Nd5 37. Ke2 Kd6 38. Kd3 Nb4+ (38... Nc7 $17 39. g4 Nxe6) 39. Kd4 Nxa2 40. Ba4 Nb4 41. e7 $1 {[%cal Re7e8]} Kxe7 42. Ke5 {[#]} f4 $1 43. gxf4 Nd3+ 44. Kf5 gxf4 {Strongly threatening ...f3.} 45. Bb5 Nc5 46. Kxf4 Kf6 47. Ke3 Ke5 48. Bc6 a5 (48... h6 $17 49. Bb5 Kd5) 49. Be8 $11 a4 {[%cal Ba5a4,Ba4a3][%mdl 32] Threatens to win with ...a3.} 50. Kd2 (50. Bf7 {with more complications.} Kf6 51. Bc4 Nd7 52. Kd4 a3 53. Kc3) 50... Kd4 {White should prevent ...Kc4.} 51. Kc2 (51. Bf7 $1 $11) 51... Kc4 $17 52. Bf7+ Kb4 53. Bg8 h6 54. Bd5 a3 55. Bf7 Nd7 56. Be6 Ne5 57. h3 Nf3 58. Kb1 Ng5 59. Bd7 Nf3 60. Be6 $1 Nd4 61. Bf7 Nf5 62. Be6 Nh4 (62... Ne3 $17 63. Bg8 Ng2) 63. Bf7 {[#]} (63. Ka2 $11) 63... Ng2 $1 64. Be6 Nf4 65. Bd7 Nd5 66. Be6 Nc3+ 67. Kc2 Nb5 ({Much weaker is} 67... h5 $6 68. h4 $11) 68. Kb1 Nd4 69. Bf7 Nc6 70. Kc2 Ne5 71. Be6 Nf3 {( -> ...Nd4+)} 72. Kb1 $1 h5 {[#]} (72... Ka5 $17 73. Bf5 Nd4) 73. h4 $1 $11 {[%mdl 512]} Ne5 (73... Nxh4 74. Bf7) 74. Ka2 {Accuracy: White = 70%, Black = 63%.} 1/2-1/2

[Event "ISR-ch Open 2018"]
[Site "Ma'alot-Tarshih"]
[Date "2018.12.15"]
[Round "4"]
[White "Galburd, Yan"]
[Black "Mindlin, Alon"]
[Result "0-1"]
[WhiteElo "2382"]
[BlackElo "2472"]
[Annotator "TA"]
[PlyCount "82"]
[EventDate "2018.12.11"]
[EventType "swiss"]
[EventCountry "ISR"]
[SourceTitle "playchess.com"]
[Source "ChessBase"]
[SourceQuality "1"]

{[%evp 15,82,32,36,19,10,13,9,10,17,6,9,0,14,0,24,22,23,9,63,0,6,0,0,-13,-12,-8,0,0,0,-99,-101,-335,-326,-327,-321,-537,-537,-518,-517,-541,-541,-525,-525,-560,-564,-637,-635,-668,-606,-710,-653,-634,-609,-778,-778,-651,-651,-827,-746,-1222,-1147,-2120,-2008,-6195,-6195,-6195,-6195,-6179,-6123]} 1. d4 Nf6 2. Nf3 d5 3. Bf4 c5 4. e3 Nc6 5. Nbd2 Bf5 6. dxc5 {D02: 1 d4 d5 2 Nf3 sidelines, including 2...Nf6 3 g3 and 2...Nf6 3 Bf4} e6 7. Nd4 Bxc5 8. Nxf5 exf5 {LiveBook: 6 Games} 9. Bb5 $146 ({Predecessor:} 9. Nb3 Bb6 10. Be2 Ne4 11. Bf3 O-O 12. O-O Re8 {0-1 (46) Nguyen,N (2630)-Mchedlishvili,M (2603) Riadh 2017}) 9... O-O 10. O-O Bd6 11. Bxd6 Qxd6 12. Be2 f4 13. exf4 $1 Qxf4 14. g3 Qh6 15. Nf3 Rfe8 {[%cal Bf8e8,Be8e5,Be5f5][%mdl 32]} 16. Re1 Ng4 (16... Rad8 $11) 17. h4 ({White should play} 17. Qxd5 $14 Nce5 18. Nh4) 17... Qf6 $11 18. Qxd5 Re5 19. Qc4 h5 $1 20. Qf4 $132 {[%mdl 2048] White is fighting back} Rf5 21. Qe4 Nce5 22. Nd4 (22. Qxb7 $11 Re8 23. Kg2) 22... Rxf2 $17 {aiming for ...Rd8.} 23. Rf1 $2 {[#]} (23. Bxg4 $17 Nxg4 24. Rf1) 23... Re8 $1 $19 24. Bxg4 Nf3+ $1 {[%mdl 64] Double Attack, Discovered Attack} 25. Kxf2 $2 (25. Qxf3 Rxf3 26. Bxf3 Qxd4+ {[%mdl 64] Double Attack} 27. Rf2) 25... Rxe4 {Black is clearly winning.} 26. Bxf3 {Black must now prevent c3.} Rxd4 27. Rad1 Rxd1 28. Rxd1 Qxb2 {[%mdl 4096] Endgame KQ-KRB} 29. Rd8+ Kh7 30. Be4+ g6 31. Rd7 Qxa2 32. Rxb7 Qc4 33. Bd3 Qd4+ 34. Kf1 Kg7 35. Rc7 a5 {[%cal Ba7a5,Ba5a4,Ba4a3,Ba3a2][%mdl 32]} 36. Rc6 Qe5 37. Kf2 a4 38. Ra6 {[#]} a3 $1 39. Kg2 {[#]} (39. Rxa3 Qc5+) 39... a2 $1 40. c3 (40. Rxa2 Qd5+) 40... Qd5+ 41. Kh2 Qb3 {Accuracy: White = 23%, Black = 86%.} 0-1